000 00564cam a2200217 a 4500
001 13659205
003 OSt
005 20160311145303.0
008 040719s2005 nyu 000 0 eng
010 _a 2004056293
020 _a9780374269739 (alk. paper)
020 _a0374269734 (alk. paper)
040 _aSEKU
050 0 0 _aPS 3552
_b.B5
082 0 0 _a811/.54
_222
100 1 _aBidart, Frank,
_d1939-
245 1 0 _aStar dust /
_cFrank Bidart.
260 _aNew York :
_bFarrar, Straus and Giroux,
_c2005.
300 _a84 p. ;
_c22 cm.
942 _2lcc
_cGEN
999 _c12037
_d12037